<?xml version="1.0" encoding="UTF-8"?>
<collection xmlns="http://www.loc.gov/MARC21/slim">
    <record>
        <controlfield tag="001">61474</controlfield>
        <controlfield tag="005">20180131145100.0</controlfield>
        <datafield tag="024" ind1="8" ind2=" ">
            <subfield code="2">sideral</subfield>
            <subfield code="a">86646</subfield>
        </datafield>
        <datafield tag="037" ind1=" " ind2=" ">
            <subfield code="a">ART-2014-86646</subfield>
        </datafield>
        <datafield tag="041" ind1=" " ind2=" ">
            <subfield code="a">spa</subfield>
        </datafield>
        <datafield tag="100" ind1=" " ind2=" ">
            <subfield code="0">(orcid)0000-0002-6241-4060</subfield>
            <subfield code="a">García Marco, F. J.</subfield>
            <subfield code="u">Universidad de Zaragoza</subfield>
        </datafield>
        <datafield tag="245" ind1=" " ind2=" ">
            <subfield code="a">Reflexiones entorno a las aportaciones de José María Izquierdo Arroyo a la representación y la organización del conocimiento: Ambición teórica, perspectiva humanística y compromiso académico</subfield>
        </datafield>
        <datafield tag="260" ind1=" " ind2=" ">
            <subfield code="c">2014</subfield>
        </datafield>
        <datafield tag="506" ind1="0" ind2=" ">
            <subfield code="a">Access copy available to the general public</subfield>
            <subfield code="f">Unrestricted</subfield>
        </datafield>
        <datafield tag="520" ind1="3" ind2=" ">
            <subfield code="a">Reflexiones sobre la aportación de José María Izquierdo Arroyo al campo de la representación y la organización del conocimiento, realizadas con motivo del homenaje por su jubilación. Se trata de uno de los investigadores españoles en organización del conocimiento que han proporcionado una perspectiva más original e independiente, a la par que sólidamente interdisciplinar, de nuestra disciplina desde fundamentos filosóficos, lógicos, lingüísticos y semióticos. Se destaca especialmente su esfuerzo por contribuir a una síntesis e integración teórica del área de conocimiento desde unas sólidas bases interdisciplinares, así como su perspectiva humanística dialogante, abierta y esperanzadora.</subfield>
        </datafield>
        <datafield tag="540" ind1=" " ind2=" ">
            <subfield code="9">info:eu-repo/semantics/openAccess</subfield>
            <subfield code="a">by</subfield>
            <subfield code="u">http://creativecommons.org/licenses/by/3.0/es/</subfield>
        </datafield>
        <datafield tag="655" ind1=" " ind2="4">
            <subfield code="a">info:eu-repo/semantics/article</subfield>
            <subfield code="v">info:eu-repo/semantics/publishedVersion</subfield>
        </datafield>
        <datafield tag="710" ind1="2" ind2=" ">
            <subfield code="1">3011</subfield>
            <subfield code="2">040</subfield>
            <subfield code="a">Universidad de Zaragoza</subfield>
            <subfield code="b">Departamento de Ciencias de la Documentación e Historia de la Ciencia</subfield>
            <subfield code="c">Biblioteconomía y Documentación</subfield>
        </datafield>
        <datafield tag="773" ind1=" " ind2=" ">
            <subfield code="g">20, 1 (2014), 13-19</subfield>
            <subfield code="p">Scire</subfield>
            <subfield code="t">Scire</subfield>
            <subfield code="x">1135-3716</subfield>
        </datafield>
        <datafield tag="856" ind1="4" ind2=" ">
            <subfield code="s">255603</subfield>
            <subfield code="u">http://zaguan.unizar.es/record/61474/files/texto_completo.pdf</subfield>
            <subfield code="y">Versión publicada</subfield>
        </datafield>
        <datafield tag="856" ind1="4" ind2=" ">
            <subfield code="s">109879</subfield>
            <subfield code="u">http://zaguan.unizar.es/record/61474/files/texto_completo.jpg?subformat=icon</subfield>
            <subfield code="x">icon</subfield>
            <subfield code="y">Versión publicada</subfield>
        </datafield>
        <datafield tag="909" ind1="C" ind2="O">
            <subfield code="o">oai:zaguan.unizar.es:61474</subfield>
            <subfield code="p">articulos</subfield>
            <subfield code="p">driver</subfield>
        </datafield>
        <datafield tag="951" ind1=" " ind2=" ">
            <subfield code="a">2018-01-31-14:33:21</subfield>
        </datafield>
        <datafield tag="980" ind1=" " ind2=" ">
            <subfield code="a">ARTICLE</subfield>
        </datafield>
    </record>

    
</collection>